|
|
|
|
| LEADER |
00813nam a2200229Ia 4500 |
| 001 |
CTU_130955 |
| 008 |
210402s9999 xx 000 0 und d |
| 020 |
|
|
|c 36000
|
| 082 |
|
|
|a 918.11
|
| 082 |
|
|
|b B312/T.4
|
| 100 |
|
|
|a Việt, Bình
|
| 245 |
|
0 |
|a DVD Ký sự Amazon 4:
|
| 245 |
|
0 |
|b Phần trên lãnh thổ Peru - Bolivia
|
| 245 |
|
0 |
|c Kịch bản và Đạo diễn: Việt, Bình ; Biên tập: Cao Hoàng Khương ; Quay Phim: Huỳnh Lâm
|
| 260 |
|
|
|a Thành phố Hồ Chí Minh
|
| 260 |
|
|
|b Đài truyền hình Tp. Hồ Chí Minh
|
| 260 |
|
|
|c 2007
|
| 650 |
|
|
|a Amazon river,Sông Amazon
|
| 650 |
|
|
|x Description and travel,Miêu tả và du lịch
|
| 904 |
|
|
|i Giang
|
| 915 |
|
|
|a 900
|
| 980 |
|
|
|a Trung tâm Học liệu Trường Đại học Cần Thơ
|